Spotové obchody na devizových trzích

Dôležitou súčasťou finančného trhu je trh devízový. Základné informácie o menách (jednotné označovanie mien - norma ISO 4217). Základným pojmom devízových obchodov je menový kurz. Mena na domácom a medzinárodnom trhu. Zápis relácie dvoch mien a zápis kurzu. Rozdiel medzi kurzom ponuky a kurzom dopyt...

Descripción completa

Guardado en:
Detalles Bibliográficos
Autor principal: Bezvoda, V.
Formato: Capítulo de libro
Lenguaje:checo
Materias:
Etiquetas: Agregar Etiqueta
Sin Etiquetas, Sea el primero en etiquetar este registro!

MARC

LEADER 00000naa a2200000 4500
001 r027737
005 20230922092527.5
041 0 |a cze 
044 |a CZ 
245 1 0 |a Spotové obchody na devizových trzích  |c V. Bezvoda 
520 |a Dôležitou súčasťou finančného trhu je trh devízový. Základné informácie o menách (jednotné označovanie mien - norma ISO 4217). Základným pojmom devízových obchodov je menový kurz. Mena na domácom a medzinárodnom trhu. Zápis relácie dvoch mien a zápis kurzu. Rozdiel medzi kurzom ponuky a kurzom dopytu. 
610 2 0 |a trh devízový 
610 2 0 |a pojmy 
610 2 0 |a mena 
610 2 0 |a kódy 
610 2 0 |a ISO 4217 
610 2 0 |a kurz menový 
610 2 0 |a trh vnútorný 
610 2 0 |a trh medzinárodný 
610 2 0 |a OTC 
100 1 |a Bezvoda, V.